000 00368nam a2200145Ia 4500
008 230917s9999||||xx |||||||||||||| ||und||
040 _e60568
_aMAIN
041 _aEnglish
082 _a820.92 Am78R
100 _aAmrita, Pritam
245 0 _aRevenue stamp: An autobiography
260 _aNew Delhi
_bVikas Publishing House
_c1977
300 _a130 p.
942 _cBK
999 _c172171
_d172171